Composting and organic waste (Record no. 117581)

MARC details
000 -LEADER
fixed length control field 01206cam a2200313 4500
001 - CONTROL NUMBER
control field ABS@61468
008 - FIXED-LENGTH DATA ELEMENTS--GENERAL INFORMATION
fixed length control field 040623n2004 000 0 eng u
035 ## - SYSTEM CONTROL NUMBER
System control number (Sirsi) u126574
100 ## - MAIN ENTRY--PERSONAL NAME
Personal name Manchester, S.
245 ## - TITLE STATEMENT
Title Composting and organic waste
260 ## - PUBLICATION, DISTRIBUTION, ETC.
Date of publication, distribution, etc. 2004
490 ## - SERIES STATEMENT
Series statement Wastes Management
Volume/sequential designation June 2004, 20-31(10)
520 ## - SUMMARY, ETC.
Summary, etc. Series of articles on composting and organic waste. "Getting fired up over landfill" examines the risk of self-ignition at composting and waste processing sites. Biodegradable plastics and their decomposition are examined in "Will it waste away?" "Food glorious food" examines how food waste can be used to provide electricity and refrigeration. The final article, "Composting: aiming to meet its global goals", briefly considers the impact of composting on a global scale.
590 ## - LOCAL NOTE (RLIN)
Local note ABS
590 ## - LOCAL NOTE (RLIN)
Local note ABS
650 ## - SUBJECT ADDED ENTRY--TOPICAL TERM
Topical term or geographic name entry element COMPOSTING
650 ## - SUBJECT ADDED ENTRY--TOPICAL TERM
Topical term or geographic name entry element LANDFILL SITES
650 ## - SUBJECT ADDED ENTRY--TOPICAL TERM
Topical term or geographic name entry element FIRES
650 ## - SUBJECT ADDED ENTRY--TOPICAL TERM
Topical term or geographic name entry element ORGANIC WASTE
650 ## - SUBJECT ADDED ENTRY--TOPICAL TERM
Topical term or geographic name entry element FOOD
650 ## - SUBJECT ADDED ENTRY--TOPICAL TERM
Topical term or geographic name entry element ALTERNATIVE ENERGY
650 ## - SUBJECT ADDED ENTRY--TOPICAL TERM
Topical term or geographic name entry element BIODEGRADABLE WASTE
650 ## - SUBJECT ADDED ENTRY--TOPICAL TERM
Topical term or geographic name entry element PLASTICS
690 ## - LOCAL SUBJECT ADDED ENTRY--TOPICAL TERM (OCLC, RLIN)
Topical term or geographic name as entry element WASTE MANAGEMENT
700 ## - ADDED ENTRY--PERSONAL NAME
Personal name Bardos, P.
700 ## - ADDED ENTRY--PERSONAL NAME
Personal name Colyer, E.
700 ## - ADDED ENTRY--PERSONAL NAME
Personal name Breton, T.
942 ## - ADDED ENTRY ELEMENTS (KOHA)
Suppress in OPAC 0
Holdings
Withdrawn status Lost status Source of classification or shelving scheme Damaged status Not for loan Home library Current library Shelving location Date acquired Total Checkouts Full call number Barcode Date last seen Copy number Price effective from Koha item type
    Dewey Decimal Classification     London London Journal article 23/06/2004   X126574 126574-1001 06/08/2019 1 06/08/2019 Journal article